000 00648nam a2200217Ii 4500
001 16760
003 CO-ViMGA
008 241108s9999||||xx |||||||||||||| ||und||
020 _a9789587152043
040 _aCO-ViMGA
_bspa
_erda
_cCO-ViMGA
041 0 _aspa
082 0 4 _a248.8942221 M33
100 1 _aDanilo Antonio Medeina
_945943
245 1 0 _aLlamó a los que él quiso:
_bLa vocación en la biblia
264 1 _aBogotá, Colombia : San Pablo, 2008
300 _avolumen
336 _atext
_btxt
_2rdacontent
337 _aunmediated
_bn
_2rdamedia
338 _avolume
_bnc
_2rdacarrier
940 _aidficha_siabuc: 16429. -- ficha_no_siabuc:16760
999 _c40484
_d40484